| 000 | 00526nam a2200157Ia 4500 | ||
|---|---|---|---|
| 008 | 170221s9999 xx 000 0 und d | ||
| 100 | _aXiaoxia Cao | ||
| 245 | 4 | _aThe Effects of Narrative Perspectives and Gender Similarity to a Victim on Sympathy and Support for Aid to People in Need | |
| 245 | _cXiaoxia Cao | ||
| 260 | _bStudies in Media and Communication | ||
| 260 | _c2017 | ||
| 300 | _a16 : | ||
| 650 | _xCommunication | ||
| 650 | _xMedia Arts | ||
| 856 | _uhttp://redfame.com/journal/index.php/smc/issue/view/16 | ||
| 999 |
_c312896 _d312896 |
||